[Event "Students Op 2013"]
[Site "Ulyanovsk"]
[Date "2013.04.07"]
[Round "8"]
[White "Arslanov, Ildar"]
[Black "Sounov, Batyr"]
[Result "1/2-1/2"]
[WhiteElo "2138"]
[BlackElo "1877"]
[PlyCount "122"]
[EventDate "2013.04.07"]
[EventType "swiss"]
[EventRounds "9"]
[EventCountry "RUS"]
[SourceDate "2005.09.12"]

1. c4 Nf6 2. Nc3 e6 3. e4 e5 4. Nf3 d6 5. d4 exd4 6. Nxd4 Be7 7. Be2 O-O 8. O-O
Re8 9. Be3 Nc6 10. Nxc6 bxc6 11. f3 Be6 12. Qa4 Bd7 13. c5 h6 14. Rfd1 Bf8 15.
Bf2 Nh5 16. g3 Qg5 17. Kh1 Nf6 18. cxd6 cxd6 19. Qc2 Qa5 20. Qd2 Qb4 21. Bf1
Qb7 22. b3 d5 23. Bd4 Be7 24. e5 Nh7 25. Na4 Ng5 26. Qf2 Ne6 27. Bg2 Rac8 28.
Rac1 Ba3 29. Rc2 Qb5 30. Nc5 Nxd4 31. Qxd4 Bf5 32. Bf1 Qb6 33. Bd3 Bxd3 34.
Rxd3 Bxc5 35. Rxc5 Rxe5 36. Rc2 Qxd4 37. Rxd4 c5 38. Ra4 Rc7 39. Kg2 Re6 40.
Kf2 Kf8 41. Ra5 Rec6 42. Ke3 Ke7 43. b4 Kd6 44. bxc5+ Rxc5 45. Rcxc5 Rxc5 46.
Rxa7 Rc3+ 47. Ke2 Rc2+ 48. Ke3 Rxh2 49. Rxf7 g5 50. a4 Ra2 51. Rf6+ Ke5 52.
Rxh6 d4+ 53. Kd3 Ra3+ 54. Ke2 Rxa4 55. Rg6 Ra2+ 56. Kd3 Ra3+ 57. Ke2 d3+ 58.
Kd2 Kd4 59. Rd6+ Kc4 60. Rc6+ Kd4 61. Rd6+ Kc4 1/2-1/2

[Event "Students Op 2013"]
[Site "Ulyanovsk"]
[Date "2013.04.07"]
[Round "8"]
[White "Mironov, Vitalij"]
[Black "Uryadov, Sergey S"]
[Result "0-1"]
[WhiteElo "1909"]
[BlackElo "1977"]
[PlyCount "102"]
[EventDate "2013.04.07"]
[EventType "swiss"]
[EventRounds "9"]
[EventCountry "RUS"]
[SourceDate "2005.09.12"]

1. d4 Nf6 2. c4 c5 3. d5 b5 4. cxb5 a6 5. b6 d6 6. Nc3 Nbd7 7. e4 Nxb6 8. Nf3
Bg4 9. Be2 Bxf3 10. Bxf3 g6 11. O-O Bg7 12. Bf4 O-O 13. Be2 Qc7 14. Qd2 Rfb8
15. Bh6 Bh8 16. f4 Nbd7 17. Rac1 Rb4 18. Qc2 Qb6 19. Na4 Qa7 20. Bf3 Rab8 21.
b3 Ne8 22. Kh1 Nc7 23. Nc3 Nb5 24. Ne2 a5 25. f5 a4 26. fxg6 hxg6 27. Bd2 axb3
28. axb3 Na3 29. Qd1 Rxb3 30. Qe1 Ne5 31. Qh4 Nxf3 32. gxf3 Bf6 33. Qh6 Bg7 34.
Qh4 Rb2 35. Qg5 Nb1 36. Bc3 Nxc3 37. Nxc3 Qd7 38. Nd1 Ra2 39. Qg3 Rb3 40. Nf2
Be5 41. Qg4 Qxg4 42. Nxg4 Bf4 43. Rcd1 Rbb2 44. Rb1 f5 45. Rxb2 Rxb2 46. Nf2
fxe4 47. fxe4 c4 48. Nd1 Rxh2+ 49. Kg1 Rd2 50. Rxf4 Rxd1+ 51. Kf2 c3 0-1

[Event "Students Op 2013"]
[Site "Ulyanovsk"]
[Date "2013.04.07"]
[Round "8"]
[White "Samborskiy, Vadim"]
[Black "Usachev, Andrey"]
[Result "0-1"]
[WhiteElo "2080"]
[BlackElo "1893"]
[PlyCount "104"]
[EventDate "2013.04.07"]
[EventType "swiss"]
[EventRounds "9"]
[EventCountry "RUS"]
[SourceDate "2005.09.12"]

1. e4 e5 2. Nf3 Nc6 3. Bc4 Be7 4. O-O Nf6 5. Re1 d6 6. h3 O-O 7. c3 Be6 8. Bf1
d5 9. exd5 Qxd5 10. d3 Rad8 11. Qe2 Nd7 12. b4 b5 13. Bb2 Qd6 14. a3 f5 15. d4
Bc4 16. dxe5 Ndxe5 17. Qe3 f4 18. Bxc4+ Nxc4 19. Qe2 Bf6 20. Bc1 Rfe8 21. Qxe8+
Rxe8 22. Rxe8+ Kf7 23. Re1 N6e5 24. Nxe5+ Bxe5 25. a4 f3 26. gxf3 Qg6+ 27. Kh1
Qc2 28. Kg2 a6 29. axb5 axb5 30. f4 Bf6 31. Kg1 Bh4 32. Rf1 Bxf2+ 33. Rxf2
Qxc1+ 34. Kh2 Qe1 35. Rfa2 Qe3 36. Kg2 Qe4+ 37. Kg3 Qe1+ 38. Kf3 Qh1+ 39. Kg3
Qe1+ 40. Kf3 Qh4 41. Rh2 g5 42. fxg5 Ne5+ 43. Ke2 Qe4+ 44. Kd1 Nc4 45. Rf2+ Kg7
46. Re2 Qd3+ 47. Ke1 Qxh3 48. Kd1 Qf1+ 49. Re1 Qd3+ 50. Kc1 Qd6 51. Ra2 Qf4+
52. Nd2 Qxg5 0-1

[Event "Students Op 2013"]
[Site "Ulyanovsk"]
[Date "2013.04.07"]
[Round "8"]
[White "Sinicin, Vladimir"]
[Black "Parfenov, Vladimir"]
[Result "1-0"]
[WhiteElo "1655"]
[BlackElo "2063"]
[PlyCount "69"]
[EventDate "2013.04.07"]
[EventType "swiss"]
[EventRounds "9"]
[EventCountry "RUS"]
[SourceDate "2005.09.12"]

1. d4 Nf6 2. c4 e6 3. Nc3 Bb4 4. a3 Bxc3+ 5. bxc3 d5 6. e3 O-O 7. Qc2 b6 8. Bd3
Ba6 9. cxd5 Bxd3 10. Qxd3 exd5 11. Ne2 Nc6 12. O-O Na5 13. Ng3 Re8 14. Re1 c5
15. f3 Qd7 16. e4 dxe4 17. fxe4 Nc6 18. Be3 Ng4 19. Rad1 h6 20. Bf4 Rad8 21. h3
Nge5 22. Bxe5 Nxe5 23. Qc2 cxd4 24. cxd4 Nc6 25. Nf5 Kh7 26. e5 g6 27. Nd6 Re7
28. Rf1 Rf8 29. Rf6 Nd8 30. Rdf1 Re6 31. Kh1 Rxf6 32. Rxf6 Rg8 33. Qc4 Rg7 34.
Ne4 Qe7 35. Rd6 1-0

[Event "Students Op 2013"]
[Site "Ulyanovsk"]
[Date "2013.04.07"]
[Round "8"]
[White "Golubchikov, Alexey"]
[Black "Zubov, Anton"]
[Result "1-0"]
[WhiteElo "1763"]
[BlackElo "1537"]
[PlyCount "35"]
[EventDate "2013.04.07"]
[EventType "swiss"]
[EventRounds "9"]
[EventCountry "RUS"]
[SourceDate "2005.09.12"]

1. e4 e5 2. Nf3 Nc6 3. Bc4 Nf6 4. d4 exd4 5. O-O d6 6. Ng5 Ne5 7. Bb3 Bg4 8.
Qxd4 Bh5 9. f4 Nc6 10. Qc4 Qd7 11. Nc3 Na5 12. Qa4 Nxb3 13. Qxd7+ Kxd7 14. axb3
h6 15. Nf3 a6 16. e5 Bxf3 17. exf6 gxf6 18. Rxf3 1-0

[Event "Students Op 2013"]
[Site "Ulyanovsk"]
[Date "2013.04.07"]
[Round "8"]
[White "Sokolov, Anton V"]
[Black "Breskanu, Nikita"]
[Result "1-0"]
[WhiteElo "1699"]
[BlackElo "1489"]
[PlyCount "21"]
[EventDate "2013.04.07"]
[EventType "swiss"]
[EventRounds "9"]
[EventCountry "RUS"]
[SourceDate "2005.09.12"]

1. e4 c6 2. Nf3 d5 3. exd5 cxd5 4. d4 Bg4 5. c3 e6 6. Qa4+ Nd7 7. Ne5 Ngf6 8.
Bg5 Qb6 9. Bxf6 Bd6 10. Qxd7+ Kf8 11. Qxf7# 1-0

[Event "Students Op 2013"]
[Site "Ulyanovsk"]
[Date "2013.04.07"]
[Round "9"]
[White "Ulanov, Alexandr"]
[Black "Olisov, Andrey"]
[Result "1-0"]
[WhiteElo "2390"]
[BlackElo "2149"]
[PlyCount "38"]
[EventDate "2013.04.07"]
[EventType "swiss"]
[EventRounds "9"]
[EventCountry "RUS"]
[SourceDate "2005.09.12"]

1. d4 Nf6 2. Nf3 c5 3. d5 e6 4. Nc3 Qa5 5. Bd2 b5 6. dxe6 fxe6 7. e4 b4 8. e5
Nd5 9. Nxd5 exd5 10. a3 Qc7 11. axb4 cxb4 12. Bd3 Nc6 13. O-O Be7 14. Bg5 Bb7
15. Bxe7 Nxe7 16. Nd4 O-O 17. f4 Qb6 18. Kh1 Qh6 19. Qg4 Bc8 1-0

[Event "Students Op 2013"]
[Site "Ulyanovsk"]
[Date "2013.04.07"]
[Round "9"]
[White "Sounov, Batyr"]
[Black "Mirzaev, Aziz"]
[Result "1-0"]
[WhiteElo "1877"]
[BlackElo "2182"]
[PlyCount "113"]
[EventDate "2013.04.07"]
[EventType "swiss"]
[EventRounds "9"]
[EventCountry "RUS"]
[SourceDate "2005.09.12"]

1. e4 c5 2. Nf3 Nc6 3. d4 cxd4 4. Nxd4 Nf6 5. Nc3 e5 6. Ndb5 d6 7. Bg5 a6 8.
Na3 b5 9. Nd5 Be7 10. Nxe7 Nxe7 11. Qf3 Bg4 12. Qe3 Ng6 13. f3 Be6 14. O-O-O
Ke7 15. g3 Qc7 16. f4 b4 17. Nb1 Rhc8 18. Bd3 Bxa2 19. Nd2 a5 20. h4 a4 21.
Rdf1 a3 22. b3 Bb1 23. Nc4 a2 24. Kd2 a1=Q 25. Rxb1 Qc3+ 26. Ke2 Ra2 27. Rbc1
h6 28. Bxf6+ gxf6 29. Nb6 Ra5 30. h5 Nf8 31. Ra1 Qxa1 32. Rxa1 Rxa1 33. Nd5+
Ke8 34. Nxc7+ Rxc7 35. f5 Nd7 36. Qxh6 Ke7 37. Bc4 Nb6 38. Bd3 Rh1 39. Kf3 d5
40. exd5 Nxd5 41. Kg2 Ra1 42. Qd2 Ra2 43. h6 Rd7 44. h7 Ra8 45. Kf3 Nc3 46. Qh6
Rdd8 47. g4 Rf8 48. g5 fxg5 49. Qb6 e4+ 50. Bxe4 Nxe4 51. Kxe4 Rab8 52. Qc5+
Kd7 53. Kd5 Rbd8 54. f6 Rde8 55. Qxb4 Rh8 56. Qb7+ Kd8 57. Qxf7 1-0

[Event "Students Op 2013"]
[Site "Ulyanovsk"]
[Date "2013.04.07"]
[Round "9"]
[White "Uryadov, Sergey S"]
[Black "Arslanov, Ildar"]
[Result "1/2-1/2"]
[WhiteElo "1977"]
[BlackElo "2138"]
[PlyCount "103"]
[EventDate "2013.04.07"]
[EventType "swiss"]
[EventRounds "9"]
[EventCountry "RUS"]
[SourceDate "2005.09.12"]

1. d4 Nf6 2. Nf3 g6 3. c4 Bg7 4. Nc3 O-O 5. e4 d6 6. Be2 Nc6 7. O-O e5 8. dxe5
dxe5 9. Be3 Bg4 10. Qc1 Bxf3 11. Bxf3 Nd4 12. b4 Nxf3+ 13. gxf3 Nh5 14. Bg5 Qd3
15. Nd5 Qxf3 16. Qe3 Qg4+ 17. Kh1 c6 18. Rg1 Qd7 19. Nc3 f6 20. Bh4 Rfd8 21.
Rad1 Qe6 22. c5 Qc4 23. a3 Nf4 24. Rd6 Rxd6 25. cxd6 Qe6 26. Rd1 Rd8 27. Bg3
Rxd6 28. Bxf4 Rxd1+ 29. Nxd1 exf4 30. Qxf4 Qe5 31. Qxe5 fxe5 32. Ne3 Kf7 33.
Kg2 Ke6 34. Kf3 b5 35. Kg4 Bh6 36. Nc2 Bc1 37. Kf3 Kd6 38. Ke2 c5 39. bxc5+
Kxc5 40. Kd3 a5 41. Kc3 h6 42. Kd3 Bb2 43. f3 Kd6 44. Ke3 b4 45. a4 Bc1+ 46.
Kd3 b3 47. Ne1 Kc5 48. Kc3 b2 49. Nd3+ Kd6 50. Kc2 g5 51. h3 h5 52. Kb1 1/2-1/2

[Event "Students Op 2013"]
[Site "Ulyanovsk"]
[Date "2013.04.07"]
[Round "9"]
[White "Usachev, Andrey"]
[Black "Beldyugin, Alexey"]
[Result "0-1"]
[WhiteElo "1893"]
[BlackElo "2061"]
[PlyCount "96"]
[EventDate "2013.04.07"]
[EventType "swiss"]
[EventRounds "9"]
[EventCountry "RUS"]
[SourceDate "2005.09.12"]

1. d4 d6 2. g3 e5 3. e3 Nc6 4. Bg2 Nge7 5. d5 Nb8 6. Ne2 g6 7. b3 Bg7 8. Bb2
O-O 9. O-O f5 10. f4 Nd7 11. c4 a5 12. Nd2 Nc5 13. e4 Nd3 14. Bc3 c6 15. c5
cxd5 16. exd5 e4 17. Bxg7 Kxg7 18. Nc3 dxc5 19. Ndxe4 fxe4 20. Bxe4 Nb4 21. a3
Na6 22. Ra2 Nf5 23. Bxf5 Bxf5 24. Rd2 Qf6 25. Qf3 Rad8 26. Ne4 Bxe4 27. Qxe4
Rfe8 28. Qc4 Re7 29. Rfd1 Red7 30. Qb5 Qe7 31. Qxa5 Qe3+ 32. Kg2 Qxb3 33. Rd3
Qb2+ 34. R1d2 Qf6 35. Qb5 Qf5 36. Qc4 Re8 37. Qc3+ Qf6 38. Qc4 Qd6 39. Qc3+ Kg8
40. Rf3 Nc7 41. f5 Nb5 42. Qc4 Nd4 43. Rxd4 cxd4 44. Qxd4 Qxd5 45. Qg4 Qe4 46.
Qg5 Re5 47. g4 Rd3 48. Qf4 Qxf3+ 0-1

[Event "Students Op 2013"]
[Site "Ulyanovsk"]
[Date "2013.04.07"]
[Round "9"]
[White "Kovtun, Sergey"]
[Black "Sinicin, Vladimir"]
[Result "0-1"]
[WhiteElo "2025"]
[BlackElo "1655"]
[PlyCount "118"]
[EventDate "2013.04.07"]
[EventType "swiss"]
[EventRounds "9"]
[EventCountry "RUS"]
[SourceDate "2005.09.12"]

1. e4 c5 2. Nf3 d6 3. d4 cxd4 4. Nxd4 Nf6 5. Nc3 a6 6. Be2 e6 7. O-O Be7 8. f4
Qc7 9. g4 h6 10. g5 hxg5 11. fxg5 d5 12. e5 Ne4 13. Nxe4 dxe4 14. Bf4 Nd7 15.
g6 Nxe5 16. gxf7+ Kf8 17. Bg4 Bd6 18. Bxe6 Nf3+ 19. Rxf3 Bxf4 20. Bxc8 Bxh2+
21. Kf2 Qxc8 22. Rf5 Rh6 23. Qg4 Be5 24. Qxe4 Bxd4+ 25. Kg2 Qc6 26. Qxc6 bxc6
27. c3 Bf6 28. Rc5 Rg6+ 29. Kf3 Kxf7 30. Rxc6 Be7 31. Rc7 Rd8 32. Re1 Re6 33.
Re3 Rxe3+ 34. Kxe3 g5 35. b4 Rd6 36. a4 g4 37. Kf4 Rg6 38. Kg3 Ke8 39. Rc4 Bd6+
40. Kg2 Kd7 41. Rd4 g3 42. c4 Kc6 43. c5 Bc7 44. Rh4 Rf6 45. Rg4 Rf2+ 46. Kg1
Bf4 47. Rg6+ Kd5 48. Rxa6 Rh2 49. Rg6 Be3+ 50. Kf1 Rf2+ 51. Ke1 g2 52. Rg5+ Kd4
53. Rg8 Rf1+ 54. Ke2 g1=Q 55. Rxg1 Rxg1 56. c6 Bf4 57. Kf3 Bd6 58. b5 Kc5 59.
Ke4 Ra1 0-1

[Event "Students Op 2013"]
[Site "Ulyanovsk"]
[Date "2013.04.07"]
[Round "9"]
[White "Mironov, Vitalij"]
[Black "Kolosov, Anatoly"]
[Result "1/2-1/2"]
[WhiteElo "1909"]
[BlackElo "1915"]
[PlyCount "107"]
[EventDate "2013.04.07"]
[EventType "swiss"]
[EventRounds "9"]
[EventCountry "RUS"]
[SourceDate "2005.09.12"]

1. d4 Nf6 2. c4 c5 3. e3 e6 4. Nc3 Be7 5. Nf3 O-O 6. Bd3 d5 7. O-O Nc6 8. a3 a6
9. cxd5 exd5 10. dxc5 Bxc5 11. b4 Ba7 12. h3 Bb8 13. Bb2 Qd6 14. Ne2 Rd8 15.
Qc2 h6 16. Rfd1 Qe7 17. Rac1 Bd7 18. Qb3 Re8 19. Bb1 Ne4 20. Qd3 Be6 21. Nc3
Ne5 22. Nxe5 Bxe5 23. f3 Bxh3 24. fxe4 Qg5 25. Qf1 Re6 26. Nxd5 Bxb2 27. Rc2
Be5 28. Nf4 Rf6 29. Rf2 Bg4 30. Rd5 Be6 31. Rdd2 Qh4 32. Qd1 g5 33. Nxe6 Rxf2
34. Rxf2 Qh2+ 35. Kf1 Qh1+ 36. Ke2 Qxd1+ 37. Kxd1 fxe6 38. Ba2 Rd8+ 39. Kc2 Rd6
40. g4 Kg7 41. Rd2 Rc6+ 42. Kd1 Kf6 43. Rd7 Rd6+ 44. Rxd6 Bxd6 45. Ke2 a5 46.
bxa5 Bxa3 47. Bc4 Ke5 48. Kf3 Kd6 49. a6 bxa6 50. Bxa6 e5 51. Bc8 Kc5 52. Ke2
Kc4 53. Bf5 Kc3 54. Bg6 1/2-1/2

[Event "Students Op 2013"]
[Site "Ulyanovsk"]
[Date "2013.04.07"]
[Round "9"]
[White "Lukianov, Alexander"]
[Black "Logunova, Elizaveta"]
[Result "1-0"]
[WhiteElo "1837"]
[BlackElo "1599"]
[PlyCount "53"]
[EventDate "2013.04.07"]
[EventType "swiss"]
[EventRounds "9"]
[EventCountry "RUS"]
[SourceDate "2005.09.12"]

1. e4 c6 2. d4 d5 3. Nc3 dxe4 4. Nxe4 Bf5 5. Ng3 Bg6 6. Bc4 Nf6 7. N1e2 e6 8.
Nf4 Bd6 9. O-O Nbd7 10. Re1 O-O 11. c3 Nb6 12. Nxg6 hxg6 13. Bb3 Nbd5 14. Qf3
Qc7 15. c4 Bxg3 16. cxd5 Bxh2+ 17. Kh1 cxd5 18. g3 Bxg3 19. Qxg3 Qb6 20. Qh4
Ne4 21. Be3 f6 22. Rac1 Kf7 23. Kg2 Rh8 24. Qf4 Nd6 25. Rc5 Rac8 26. Rec1 Rxc5
27. dxc5 1-0

[Event "Students Op 2013"]
[Site "Ulyanovsk"]
[Date "2013.04.07"]
[Round "9"]
[White "Breskanu, Nikita"]
[Black "Gabunov, Fail"]
[Result "1/2-1/2"]
[WhiteElo "1489"]
[BlackElo "1818"]
[PlyCount "77"]
[EventDate "2013.04.07"]
[EventType "swiss"]
[EventRounds "9"]
[EventCountry "RUS"]
[SourceDate "2005.09.12"]

1. c4 e5 2. Nc3 Nf6 3. g3 c6 4. Bg2 d5 5. cxd5 cxd5 6. e3 Nc6 7. Nge2 Be6 8.
O-O Qd7 9. b3 Bh3 10. Bb2 Bxg2 11. Kxg2 Be7 12. f4 e4 13. d3 Rd8 14. dxe4 dxe4
15. Qxd7+ Rxd7 16. Rad1 Rxd1 17. Rxd1 O-O 18. Nd5 Nxd5 19. Rxd5 Rd8 20. Rxd8+
Bxd8 21. a3 Bb6 22. Kf2 f5 23. Nc3 Na5 24. b4 Bxe3+ 25. Kxe3 Nc4+ 26. Kd4 Nxb2
27. h3 Kf7 28. g4 g6 29. g5 Nd3 30. Ke3 a6 31. Nd5 Ne1 32. a4 Ke6 33. Kd4 Nc2+
34. Kc4 e3 35. Nc3 b5+ 36. axb5 axb5+ 37. Kc5 Kd7 38. Ne2 Ke6 39. Nc3 1/2-1/2

[Event "Students Op 2013"]
[Site "Ulyanovsk"]
[Date "2013.04.07"]
[Round "9"]
[White "Bulygin, Vitalij"]
[Black "Zubov, Anton"]
[Result "1-0"]
[WhiteElo "1665"]
[BlackElo "1537"]
[PlyCount "29"]
[EventDate "2013.04.07"]
[EventType "swiss"]
[EventRounds "9"]
[EventCountry "RUS"]
[SourceDate "2005.09.12"]

1. d4 d5 2. c4 Nf6 3. Nc3 Nc6 4. Nf3 Bg4 5. cxd5 Nxd5 6. e4 Nxc3 7. bxc3 e6 8.
Bb5 a6 9. Bxc6+ bxc6 10. Qa4 Qd6 11. Ne5 f5 12. O-O Be2 13. Re1 Bb5 14. Qd1 c5
15. Qh5+ 1-0

[Event "FRA Ch T 4"]
[Site "FRA"]
[Date "2013.04.07"]
[Round "7.1"]
[White "Monaville, Guy"]
[Black "Picard, Serge"]
[Result "1/2-1/2"]
[WhiteElo "2120"]
[BlackElo "2114"]
[PlyCount "37"]
[EventDate "2012.10.24"]
[EventType "team-match"]
[EventCountry "FRA"]
[SourceDate "2005.09.12"]

1. e4 e5 2. f4 Qh4+ 3. g3 Qe7 4. fxe5 d6 5. exd6 Qxe4+ 6. Qe2 Qxe2+ 7. Bxe2
Bxd6 8. Nf3 Nc6 9. d4 Bh3 10. c3 f6 11. Na3 Bxa3 12. bxa3 Nge7 13. Kf2 O-O-O
14. Re1 Rhe8 15. Bd2 g5 16. Bc4 Bg4 17. Bb3 Ng6 18. Rxe8 Rxe8 19. Re1 1/2-1/2

[Event "FRA Ch T 4"]
[Site "FRA"]
[Date "2013.04.07"]
[Round "7.2"]
[White "Kerlau, Gildas"]
[Black "Salentiny, Eric"]
[Result "0-1"]
[WhiteElo "1790"]
[BlackElo "1891"]
[PlyCount "90"]
[EventDate "2012.10.24"]
[EventType "team-match"]
[EventCountry "FRA"]
[SourceDate "2005.09.12"]

1. d4 Nf6 2. c4 e6 3. Nc3 c5 4. d5 exd5 5. cxd5 d6 6. e4 a6 7. a4 g6 8. f4 Bg4
9. Nf3 Bxf3 10. Qxf3 Bg7 11. Bd3 O-O 12. O-O Nbd7 13. Be3 Qc7 14. Rae1 Rab8 15.
Bc1 c4 16. Bb1 b5 17. axb5 axb5 18. Ne2 Nc5 19. Nd4 Nxd5 20. e5 Nb4 21. f5 dxe5
22. f6 exd4 23. fxg7 Rfe8 24. Bf4 Qb7 25. Qxb7 Nxb7 26. Bxb8 Rxb8 27. Re7 Nd8
28. h4 Kxg7 29. Be4 Kf8 30. Rc7 Na6 31. Ra7 Nc5 32. Bd5 Ncb7 33. Rf6 c3 34.
bxc3 dxc3 35. Bb3 Rc8 36. Rb6 c2 37. Bxc2 Rxc2 38. Raxb7 Nxb7 39. Rxb7 Rc5 40.
Kf2 Kg7 41. Ke3 Kf6 42. g4 h5 43. g5+ Ke6 44. Rb6+ Kf5 45. Rf6+ Kg4 0-1

[Event "FRA Ch T 4"]
[Site "FRA"]
[Date "2013.04.07"]
[Round "7.3"]
[White "Dubuisson, Thomas"]
[Black "Parisot, Anthony"]
[Result "1-0"]
[WhiteElo "1988"]
[BlackElo "1758"]
[PlyCount "63"]
[EventDate "2012.10.24"]
[EventType "team-match"]
[EventCountry "FRA"]
[SourceDate "2005.09.12"]

1. e4 c5 2. b3 Nc6 3. Bb2 d6 4. f4 Nf6 5. Nc3 e6 6. Nf3 Be7 7. d3 a6 8. Qd2 b5
9. e5 dxe5 10. fxe5 b4 11. exf6 bxc3 12. Bxc3 Bxf6 13. O-O-O Nd4 14. Kb1 O-O
15. Re1 Nxf3 16. gxf3 Bb7 17. Be2 a5 18. Reg1 Bxc3 19. Qxc3 Qd4 20. Kb2 e5 21.
Rg4 Qxc3+ 22. Kxc3 Bd5 23. Rhg1 g6 24. h4 h5 25. Rg5 Be6 26. Rxe5 a4 27. f4 Kh7
28. Bxh5 Bf5 29. Bf3 Ra7 30. h5 Rd8 31. hxg6+ Bxg6 32. f5 1-0

[Event "FRA Ch T 4"]
[Site "FRA"]
[Date "2013.04.07"]
[Round "7.4"]
[White "Masera, Michel"]
[Black "Hanot, Wilfried"]
[Result "1/2-1/2"]
[WhiteElo "1827"]
[BlackElo "1822"]
[PlyCount "81"]
[EventDate "2012.10.24"]
[EventType "team-match"]
[EventCountry "FRA"]
[SourceDate "2005.09.12"]

1. d4 Nf6 2. c4 c5 3. d5 b5 4. cxb5 a6 5. e3 d6 6. Nc3 g6 7. Nf3 Bg7 8. a4 axb5
9. Bxb5+ Bd7 10. O-O O-O 11. Ra3 Bxb5 12. Nxb5 Nbd7 13. Re1 Nb6 14. e4 Ng4 15.
h3 Ne5 16. Nxe5 Bxe5 17. b3 Qd7 18. Qc2 Rfb8 19. Ra2 Rc8 20. Bb2 Bxb2 21. Qxb2
Rcb8 22. Qc2 Rc8 23. Nc3 Qb7 24. Rb1 Nd7 25. Nd1 Qb4 26. Ne3 Rcb8 27. Nc4 Nb6
28. Nxb6 Rxb6 29. f3 Qa5 30. Qd2 Qxd2 31. Rxd2 Rxa4 32. Rdb2 Rab4 33. Kf2 c4
34. Ke1 c3 35. Rc2 Rxb3 36. Rxb3 Rxb3 37. Ke2 Kg7 38. Kd3 Rb2 39. Kxc3 Rxc2+
40. Kxc2 Kf6 41. Kd3 1/2-1/2

[Event "FRA Ch T 4"]
[Site "FRA"]
[Date "2013.04.07"]
[Round "7.5"]
[White "Peltriaux, Guillaume"]
[Black "Voguet, Francois"]
[Result "1-0"]
[WhiteElo "1871"]
[BlackElo "1698"]
[PlyCount "79"]
[EventDate "2012.10.24"]
[EventType "team-match"]
[EventCountry "FRA"]
[SourceDate "2005.09.12"]

1. e4 e5 2. Nf3 d6 3. d4 exd4 4. Nxd4 Be7 5. Nc3 Nf6 6. Bc4 O-O 7. Bf4 Nbd7 8.
Qd2 Nb6 9. Bb3 Re8 10. O-O-O a5 11. a4 Bf8 12. f3 Be6 13. Nxe6 fxe6 14. g4 Nfd7
15. Be3 Ne5 16. Qe2 Nbd7 17. f4 Nf7 18. h4 c6 19. g5 b5 20. g6 hxg6 21. h5 g5
22. fxg5 Nxg5 23. Qg4 Nf7 24. Bxe6 Nde5 25. Bxf7+ Nxf7 26. h6 g5 27. h7+ Kh8
28. Qf5 Qe7 29. Rdf1 b4 30. Qxf7 Qxf7 31. Rxf7 bxc3 32. Bd4+ Re5 33. Bxc3 Bg7
34. Bxe5 Bxe5 35. c3 Bf4+ 36. Kc2 c5 37. Rh6 Be5 38. Rg6 Bf4 39. Rfg7 Be5 40.
Rg8+ 1-0

[Event "FRA Ch T 4"]
[Site "FRA"]
[Date "2013.04.07"]
[Round "7.6"]
[White "Doyon, Yves"]
[Black "Baret, Benoit"]
[Result "1/2-1/2"]
[WhiteElo "1570"]
[BlackElo "1720"]
[PlyCount "58"]
[EventDate "2012.10.24"]
[EventType "team-match"]
[EventCountry "FRA"]
[SourceDate "2005.09.12"]

1. e4 c5 2. Nf3 d6 3. d4 cxd4 4. Nxd4 Nf6 5. Nc3 g6 6. Bb5+ Bd7 7. Bxd7+ Qxd7
8. O-O Bg7 9. f3 O-O 10. Nde2 Nc6 11. Be3 Rac8 12. Rb1 b6 13. a3 Qb7 14. Kh1
Rfd8 15. Qc1 e6 16. Bg5 Rd7 17. Rd1 Rcd8 18. Qf4 Nh5 19. Qe3 Nf6 20. g4 e5 21.
Nd5 Nxd5 22. exd5 Ne7 23. c4 Rc8 24. b3 b5 25. Ng3 bxc4 26. bxc4 Qa6 27. Ne4
Kh8 28. c5 f5 29. cxd6 f4 1/2-1/2

[Event "FRA Ch T 4"]
[Site "FRA"]
[Date "2013.04.07"]
[Round "7.7"]
[White "Fourcart, Marc"]
[Black "Aribi, El Yazid"]
[Result "1-0"]
[WhiteElo "1702"]
[BlackElo "1584"]
[PlyCount "69"]
[EventDate "2012.10.24"]
[EventType "team-match"]
[EventCountry "FRA"]
[SourceDate "2005.09.12"]

1. d4 d5 2. Nf3 Nf6 3. e3 Bg4 4. Nbd2 e6 5. Bd3 Bd6 6. O-O O-O 7. b3 Nbd7 8.
Bb2 c6 9. c4 dxc4 10. Nxc4 Be7 11. Rc1 Rc8 12. Ncd2 Re8 13. Qc2 c5 14. Qb1 Bd6
15. Nc4 Nf8 16. Nxd6 Qxd6 17. Ne5 Bh5 18. Ba3 b6 19. f4 Nd5 20. dxc5 bxc5 21.
Nc4 Qe7 22. Qc2 Nb4 23. Bxb4 cxb4 24. Qf2 Red8 25. Bb1 Bg6 26. Bxg6 Nxg6 27.
Rfd1 Rxd1+ 28. Rxd1 Rd8 29. Qe2 h6 30. Rd3 Rxd3 31. Qxd3 Qc5 32. Kf2 Nxf4 33.
Qd8+ Kh7 34. Qd7 Nd3+ 35. Qxd3+ 1-0

[Event "FRA Ch T 4"]
[Site "FRA"]
[Date "2013.04.07"]
[Round "7"]
[White "Defrance, Laurent"]
[Black "Carre, Cedric"]
[Result "1-0"]
[WhiteElo "2132"]
[BlackElo "2078"]
[PlyCount "49"]
[EventDate "2012.10.24"]
[EventType "team-match"]
[EventCountry "FRA"]
[SourceDate "2005.09.12"]

1. d4 d5 2. Nf3 e6 3. c4 c5 4. cxd5 exd5 5. g3 Nc6 6. Bg2 Nf6 7. O-O Be7 8. Nc3
O-O 9. Bg5 h6 10. Bf4 Re8 11. Rc1 Bg4 12. dxc5 Bxc5 13. h3 Bxf3 14. Bxf3 g5 15.
Bd2 d4 16. Nd5 Bf8 17. Qb3 Nxd5 18. Bxd5 Qd7 19. e4 Rad8 20. Kg2 g4 21. hxg4
Qxg4 22. Bxf7+ Kh8 23. f3 Qg7 24. Bxe8 Rxe8 25. Bxh6 1-0

[Event "FRA Ch T 4"]
[Site "FRA"]
[Date "2013.04.07"]
[Round "7"]
[White "Fleurentin, Arnaud"]
[Black "Crepaux, Jean Marie"]
[Result "1/2-1/2"]
[WhiteElo "1980"]
[BlackElo "1859"]
[PlyCount "82"]
[EventDate "2012.10.24"]
[EventType "team-match"]
[EventCountry "FRA"]
[SourceDate "2005.09.12"]

1. e4 e5 2. Nc3 Nc6 3. Bc4 Bc5 4. d3 d6 5. Na4 Bb6 6. Nxb6 axb6 7. a3 Nge7 8.
Ne2 O-O 9. O-O Bg4 10. Qe1 d5 11. exd5 Nxd5 12. h3 Be6 13. Bxd5 Qxd5 14. Nc3
Qd7 15. Ne2 Rfe8 16. Qc3 Nd4 17. Ng3 Bxh3 18. Be3 Be6 19. Bxd4 exd4 20. Qd2 Qd5
21. Qf4 Rac8 22. Ne4 Qf5 23. Qg3 Qg6 24. Qf4 Qf5 25. Qg3 Qg4 26. Qh2 f5 27. f3
Qg6 28. Nf2 Bd5 29. Qf4 Re2 30. c4 dxc3 31. bxc3 Rce8 32. c4 Bc6 33. d4 Qd6 34.
Qxd6 cxd6 35. d5 Ba4 36. Rab1 Ra2 37. Rxb6 Rxa3 38. Rxb7 Rc3 39. Ra1 Rxc4 40.
Rb6 Re2 41. Rxd6 Rcc2 1/2-1/2

[Event "FRA Ch T 4"]
[Site "FRA"]
[Date "2013.04.07"]
[Round "7"]
[White "Durant, Christophe"]
[Black "Belloy, Nicolas"]
[Result "1/2-1/2"]
[WhiteElo "1933"]
[BlackElo "1942"]
[PlyCount "55"]
[EventDate "2012.10.24"]
[EventType "team-match"]
[EventCountry "FRA"]
[SourceDate "2005.09.12"]

1. d4 d5 2. Nf3 Nf6 3. Bf4 c6 4. Nbd2 Bf5 5. e3 e6 6. Be2 Be7 7. O-O h6 8. Ne5
O-O 9. c4 Nbd7 10. h3 Nxe5 11. Bxe5 Nd7 12. Bh2 f6 13. Bg4 Bxg4 14. Qxg4 f5 15.
Qe2 Nf6 16. Rac1 Bd6 17. Bxd6 Qxd6 18. cxd5 exd5 19. Nf3 Ne4 20. Ne5 f4 21. Qg4
fxe3 22. fxe3 Rxf1+ 23. Rxf1 Rf8 24. Rf4 Qb4 25. Rxf8+ Qxf8 26. Qe6+ Kh7 27.
Qg6+ Kg8 28. Qe6+ 1/2-1/2